Bloomberg por Bloomberg /
Autobiografía de Michael Bloomberg, fundador y director general de Bloomberg L.P., imperio de la industria de la información norteamericana. El consorcio incluye Bloomberg Professional Service, principal proveedor de información financiera en tiempo real; Bloomber News, servicio de noticias que prop...
Gardado en:
| Autor Principal: | |
|---|---|
| Formato: | Libro |
| Idioma: | Lingua castelá |
| Publicado: |
Barcelona, España :
Gestión 2000,
2001, c2001
|
| Temas: | |
| Etiquetas: |
Sen Etiquetas, Sexa o primeiro en etiquetar este rexistro!
|
MARC
| LEADER | 00000nam^a2200000^a^4500 | ||
|---|---|---|---|
| 001 | 000156695 | ||
| 005 | 20250521000000.0 | ||
| 009 | 20260310100511.699 | ||
| 020 | |a 84-8088-629-3 | ||
| 037 | |a Acervo ITESO - Biblioteca | ||
| 041 | |a ESP | ||
| 082 | |a 302. 2092 |b BLO | ||
| 100 | |a Bloomberg, Michael |e (autor) | ||
| 245 | 1 | 0 | |a Bloomberg por Bloomberg / |c M. Bloomberg ; colaboración de Matthew Winkler. |
| 264 | 4 | |a Barcelona, España : |b Gestión 2000, |c 2001, c2001 | |
| 300 | |a 242 p. | ||
| 336 | |a texto |b txt |2 rdacontenido | ||
| 337 | |a sin mediación |b n |2 rdamedio | ||
| 338 | |a volumen |b nc |2 rdasoporte | ||
| 520 | |a Autobiografía de Michael Bloomberg, fundador y director general de Bloomberg L.P., imperio de la industria de la información norteamericana. El consorcio incluye Bloomberg Professional Service, principal proveedor de información financiera en tiempo real; Bloomber News, servicio de noticias que proporciona noticias a los principales periódicos del mundo; Bloomberg Radio, noticias por radio 24 horas y Bloomberg Television, red directa de televisión vía satélite las 24 horas del día. | ||
| 649 | |a XX | ||
| 650 | |a Empresarios Norteamericanos - |x Biografías | ||
| 650 | |a Exito Administrativo | ||
| 650 | |a Noticieros - |z EUA - |x Historia - |y 1990-1999 | ||
| 650 | |a Noticieros - |z EUA - |x Historia - |y 2001-2009 | ||
| 650 | |a Prensa - |z EUA - |x Historia - |y 1990-1999 | ||
| 650 | |a Prensa - |z EUA - |x Historia - |y 2000-2009 | ||
| 650 | |a Radio - |z EUA - |x Historia - |y 1990-1999 | ||
| 650 | |a Radio - |z EUA - |x Historia - |y 2000-2009 | ||
| 650 | |a Televisión - |z EUA - |x Historia - |y 1990-1999 | ||
| 650 | |a Televisión - |z EUA - |x Historia - |y 2000-2009 | ||
| 650 | |a Medios de Comunicación - |z EUA - |x Historia - |y 1990-1999 | ||
| 650 | |a Medios de Comunicación - |z EUA - |x Historia - |y 2000-2009 | ||
| 650 | |a Automatización - |z EUA | ||
| 650 | |a Sistemas de Información - |z EUA - |x Administración | ||
| 650 | |a Comunicación Masiva - |z EUA - |x Historia - |y 1990-1999 | ||
| 650 | |a Comunicación Masiva - |z EUA - |x Historia - |y 2001-2009 | ||
| 650 | |a Información Financiera - |z EUA | ||
| 650 | |a Desarrollo Tecnológico - |z EUA | ||
| 650 | |a Mercadotecnia de Servicios | ||
| 650 | |a Transnacionales - |z EUA - |x Historia - |y 1990-1999 | ||
| 650 | |a Transnacionales - |z EUA - |x Historia - |y 2000-2009 | ||
| 650 | |a Alianzas Estratégicas y Clusters - |z EUA - |x Historia - |y 1990-1999 | ||
| 650 | |a Alianzas Estratégicas y Clusters - |z EUA - |x Historia - |y 1990-1999 | ||
| 650 | |a Capitalismo - |z EUA | ||
| 650 | |a Empresa y Sociedad | ||
| 650 | |a Toma de Decisiones | ||
| 650 | |a Planeación Estratégica | ||
| 650 | |a Planeación Administrativa - |z EUA | ||
| 650 | |a Administración Financiera - |z EUA | ||
| 650 | |a Competencia (Economía) - |z EUA - |x Historia | ||
| 650 | |a Empresas - |z EUA - |x Administración | ||
| 910 | |a Fondo General | ||
| 920 | |a Impresos - Libros | ||
| 930 | |a Colección General | ||
| 905 | |a 101 | ||
| 901 | |a 0500085355 |b IT1 |c ACC |u 20250521 | ||
| 902 | |a https://opac.biblio.iteso.mx/vufind/Record/000156695 | ||